Európsky parlament - úlohy a kompetencie poslancov bakalárska práca

Na minha lista:
Detalhes bibliográficos
Autor principal: Makarová, Miroslava, 1989-
Autor Corporativo: Fakulta medzinárodných vzťahov EU. Katedra medzinárodných ekonomických vzťahov a hospodárskej diplomacie
Outros Autores: Svoreňová, Soňa
Formato: Livro
Idioma:eslovaco
Publicado em: Bratislava 2010
Tags: Adicionar Tag
Sem tags, seja o primeiro a adicionar uma tag!

MARC

LEADER 00000nam$a2200000$$$4500
001 0136943
005 20240320074109.8
041 0 |a slo 
044 |a SK 
245 1 0 |a Európsky parlament - úlohy a kompetencie poslancov  |b bakalárska práca  |c Miroslava Makarová ; školiteľ: Soňa Svoreňová 
264 1 |a Bratislava  |c 2010 
300 |a 53 s. 
100 1 |a Makarová, Miroslava, 1989- 
700 1 |a Svoreňová, Soňa 
710 2 |a Fakulta medzinárodných vzťahov EU. Katedra medzinárodných ekonomických vzťahov a hospodárskej diplomacie